Wind Turbine Blade Section Optimization Shape Using Improved Genetic Algorithm by Coupling Parameterization / (Record no. 613259)

000 -LEADER
fixed length control field 00536nam a22001577a 4500
082 ## - DEWEY DECIMAL CLASSIFICATION NUMBER
Classification number 621.41
Author Mark DEE
100 ## - MAIN ENTRY--PERSONAL NAME
Personal name Deepak Kumar (362796)
245 ## - TITLE STATEMENT
Title Wind Turbine Blade Section Optimization Shape Using Improved Genetic Algorithm by Coupling Parameterization /
264 ## - PRODUCTION, PUBLICATION, DISTRIBUTION, MANUFACTURE, AND COPYRIGHT NOTICE
Place of production, publication, distribution, manufacture Islamabad :
Name of producer, publisher, distributor, manufacturer USPCAS-E, NUST
Date of production, publication, distribution, manufacture, or copyright notice Dec, 2024
300 ## - PHYSICAL DESCRIPTION
Extent xiv, 50 p.
Accompanying material +CD
520 ## - SUMMARY, ETC.
Summary, etc. TH-604
650 ## - SUBJECT ADDED ENTRY--TOPICAL TERM
Topical term or geographic name entry element MS ESE Thesis
650 ## - SUBJECT ADDED ENTRY--TOPICAL TERM
Topical term or geographic name entry element MS Thesis
700 ## - ADDED ENTRY--PERSONAL NAME
Personal name Supervisor: Dr. Majid Ali Co-Supervisor: Dr Sehar Shakir
942 ## - ADDED ENTRY ELEMENTS (KOHA)
Source of classification or shelving scheme
Koha item type Thesis
Holdings
Withdrawn status Permanent Location Current Location Date acquired Full call number Barcode Koha item type
  US-Pakistan Center for Advanced Studies in Energy (USPCAS-E) US-Pakistan Center for Advanced Studies in Energy (USPCAS-E) 03/12/2025 621.41 DEE CAS-ETH0000604 Thesis
© 2023 Central Library, National University of Sciences and Technology. All Rights Reserved.